<?xml version="1.0" encoding="UTF-8"?>
<record
    xmlns:xsi="http://www.w3.org/2001/XMLSchema-instance"
    xsi:schemaLocation="http://www.loc.gov/MARC21/slim http://www.loc.gov/standards/marcxml/schema/MARC21slim.xsd"
    xmlns="http://www.loc.gov/MARC21/slim">

  <leader>02038nam a2200301 i 4500</leader>
  <controlfield tag="003">DO-SdBNP</controlfield>
  <controlfield tag="005">20260305073957.0</controlfield>
  <controlfield tag="006">a||||gr|||| 00| 0 </controlfield>
  <controlfield tag="007">ta</controlfield>
  <controlfield tag="008">211006e2019    dr ||||fr|||| 001 sdspa d</controlfield>
  <datafield tag="020" ind1=" " ind2=" ">
    <subfield code="a">9789945676187</subfield>
  </datafield>
  <datafield tag="040" ind1=" " ind2=" ">
    <subfield code="a">DO-SdBNP</subfield>
    <subfield code="b">spa</subfield>
    <subfield code="c">BNPHU</subfield>
  </datafield>
  <datafield tag="082" ind1=" " ind2="4">
    <subfield code="b">F363d</subfield>
    <subfield code="2">22</subfield>
  </datafield>
  <datafield tag="100" ind1="1" ind2=" ">
    <subfield code="a">Fern&#xE1;ndez, Leonel,</subfield>
    <subfield code="d">1953-</subfield>
    <subfield code="e">autor</subfield>
    <subfield code="9">7291</subfield>
  </datafield>
  <datafield tag="245" ind1="1" ind2="0">
    <subfield code="a">En defensa de la Constituci&#xF3;n:</subfield>
    <subfield code="b">reflexiones para la historia /</subfield>
    <subfield code="c">Leonel Fern&#xE1;ndez.</subfield>
  </datafield>
  <datafield tag="264" ind1=" " ind2="1">
    <subfield code="a">Santo Domingo :</subfield>
    <subfield code="b">Funglode,</subfield>
    <subfield code="c">2019</subfield>
  </datafield>
  <datafield tag="300" ind1=" " ind2=" ">
    <subfield code="a">179 p&#xE1;ginas ;</subfield>
    <subfield code="c">23 cm.</subfield>
  </datafield>
  <datafield tag="336" ind1=" " ind2=" ">
    <subfield code="2">rdacontent</subfield>
    <subfield code="a">texto</subfield>
    <subfield code="b">txt</subfield>
  </datafield>
  <datafield tag="337" ind1=" " ind2=" ">
    <subfield code="2">rdamedia</subfield>
    <subfield code="a">sin mediaci&#xF3;n</subfield>
    <subfield code="b">n</subfield>
  </datafield>
  <datafield tag="338" ind1=" " ind2=" ">
    <subfield code="2">rdacarrier</subfield>
    <subfield code="a">volumen</subfield>
    <subfield code="b">nc</subfield>
  </datafield>
  <datafield tag="490" ind1=" " ind2=" ">
    <subfield code="a">Democracia</subfield>
  </datafield>
  <datafield tag="500" ind1=" " ind2=" ">
    <subfield code="a">Incluye biograf&#xED;a del autor en las solapas de las cubiertas.</subfield>
  </datafield>
  <datafield tag="500" ind1=" " ind2=" ">
    <subfield code="a">Primera reimpresi&#xF3;n.</subfield>
  </datafield>
  <datafield tag="505" ind1="0" ind2=" ">
    <subfield code="a">Pr&#xF3;logo.</subfield>
    <subfield code="g">1. Discursos</subfield>
    <subfield code="t">Discurso de apertura de la Consulta Popular para la Reforma Constitucional.--</subfield>
    <subfield code="t">Discurso de clausura ante el Encuentro Nacional de la Consulta Popular para la Reforma Constitucional.--</subfield>
    <subfield code="t">Discurso ante la Asamblea Nacional Revisora con ocasi&#xF3;n de la proclamaci&#xF3;n de la Constituci&#xF3;n dominicana.--</subfield>
    <subfield code="t">Discurso de declinaci&#xF3;n de la reelecci&#xF3;n.--</subfield>
    <subfield code="t">Discurso sobre reforma constitucional y reelecci&#xF3;n presidencial.--</subfield>
    <subfield code="g">II. Art&#xED;culos.</subfield>
    <subfield code="t">Revoluci&#xF3;n democr&#xE1;tica institucional.--</subfield>
    <subfield code="t">La constituci&#xF3;n del 2010: una reforma integral.--</subfield>
    <subfield code="t">El futuro de la reforma constitucional.--</subfield>
    <subfield code="t">El debate sobre la reforma constitucional.--</subfield>
    <subfield code="t">Comisi&#xF3;n de Venecia: Constituci&#xF3;n, democracia y reelecci&#xF3;n presidencia.--</subfield>
    <subfield code="t">Las primarias abiertas simultaneas son inconstitucionales.--</subfield>
    <subfield code="t">Primaria interna y posverdad.--</subfield>
    <subfield code="t">Las primarias abiertas simultaneas siguen siendo inconstitucionales.--</subfield>
    <subfield code="t">Un d&#xED;a decisivo para la democracia.--</subfield>
    <subfield code="t">Ley de partidos. Estatuto y Constituci&#xF3;n.--</subfield>
    <subfield code="t">Ley de partidos: una inconstitucionalidad confirmada.--</subfield>
    <subfield code="t">Ley de partidos, Tribunal Constitucional y democracia.--</subfield>
  </datafield>
  <datafield tag="590" ind1=" " ind2=" ">
    <subfield code="a">Inventariado 2024 / MF</subfield>
  </datafield>
  <datafield tag="710" ind1="2" ind2=" ">
    <subfield code="a">Fundaci&#xF3;n Global Democrac&#xED;a y Desarrollo</subfield>
    <subfield code="9">25477</subfield>
  </datafield>
  <datafield tag="942" ind1=" " ind2=" ">
    <subfield code="2">ddc</subfield>
    <subfield code="c">LBS1</subfield>
  </datafield>
  <datafield tag="952" ind1=" " ind2=" ">
    <subfield code="0">0</subfield>
    <subfield code="1">0</subfield>
    <subfield code="2">ddc</subfield>
    <subfield code="5">1</subfield>
    <subfield code="7">0</subfield>
    <subfield code="8">PD</subfield>
    <subfield code="a">BNPHU</subfield>
    <subfield code="b">BNPHU</subfield>
    <subfield code="c">HD</subfield>
    <subfield code="d">2019-11-19</subfield>
    <subfield code="e">Dep&#xF3;sito legal / Funglode</subfield>
    <subfield code="l">0</subfield>
    <subfield code="o">F363d</subfield>
    <subfield code="p">2021-27232</subfield>
    <subfield code="r">2021-10-06</subfield>
    <subfield code="w">2021-10-06</subfield>
    <subfield code="y">LBS1</subfield>
  </datafield>
  <datafield tag="952" ind1=" " ind2=" ">
    <subfield code="0">0</subfield>
    <subfield code="1">0</subfield>
    <subfield code="2">ddc</subfield>
    <subfield code="5">1</subfield>
    <subfield code="7">0</subfield>
    <subfield code="8">PD</subfield>
    <subfield code="a">BNPHU</subfield>
    <subfield code="b">BNPHU</subfield>
    <subfield code="c">HD</subfield>
    <subfield code="d">2019-11-19</subfield>
    <subfield code="e">Dep&#xF3;sito legal / Funglode</subfield>
    <subfield code="l">0</subfield>
    <subfield code="o">F363d</subfield>
    <subfield code="p">2021-27233</subfield>
    <subfield code="r">2021-10-06</subfield>
    <subfield code="t">e.2</subfield>
    <subfield code="w">2021-10-06</subfield>
    <subfield code="y">LBS1</subfield>
  </datafield>
  <datafield tag="952" ind1=" " ind2=" ">
    <subfield code="0">0</subfield>
    <subfield code="1">0</subfield>
    <subfield code="2">ddc</subfield>
    <subfield code="5">6</subfield>
    <subfield code="7">0</subfield>
    <subfield code="8">DS</subfield>
    <subfield code="a">BNPHU</subfield>
    <subfield code="b">BNPHU</subfield>
    <subfield code="c">HD</subfield>
    <subfield code="d">2019-12-10</subfield>
    <subfield code="e">Donado por Editora B&#xFA;ho</subfield>
    <subfield code="l">0</subfield>
    <subfield code="o">F363d</subfield>
    <subfield code="p">2021-27234</subfield>
    <subfield code="r">2021-10-06</subfield>
    <subfield code="t">e.3</subfield>
    <subfield code="w">2021-10-06</subfield>
    <subfield code="y">LBS1</subfield>
  </datafield>
  <datafield tag="952" ind1=" " ind2=" ">
    <subfield code="0">0</subfield>
    <subfield code="1">0</subfield>
    <subfield code="2">ddc</subfield>
    <subfield code="5">6</subfield>
    <subfield code="7">0</subfield>
    <subfield code="8">DS</subfield>
    <subfield code="a">BNPHU</subfield>
    <subfield code="b">BNPHU</subfield>
    <subfield code="c">HD</subfield>
    <subfield code="d">2012-12-10</subfield>
    <subfield code="e">Donado por Editora B&#xFA;ho</subfield>
    <subfield code="l">0</subfield>
    <subfield code="o">F363d</subfield>
    <subfield code="p">2021-27235</subfield>
    <subfield code="r">2021-10-06</subfield>
    <subfield code="t">e.4</subfield>
    <subfield code="w">2021-10-06</subfield>
    <subfield code="y">LBS1</subfield>
  </datafield>
  <datafield tag="952" ind1=" " ind2=" ">
    <subfield code="0">0</subfield>
    <subfield code="1">0</subfield>
    <subfield code="2">ddc</subfield>
    <subfield code="5">6</subfield>
    <subfield code="7">0</subfield>
    <subfield code="8">DS</subfield>
    <subfield code="a">BNPHU</subfield>
    <subfield code="b">BNPHU</subfield>
    <subfield code="c">CT</subfield>
    <subfield code="d">2019-12-10</subfield>
    <subfield code="e">Donado por Editora B&#xFA;ho</subfield>
    <subfield code="l">0</subfield>
    <subfield code="o">F363d</subfield>
    <subfield code="p">2023-0267</subfield>
    <subfield code="r">2023-01-18</subfield>
    <subfield code="t">e.5</subfield>
    <subfield code="w">2023-01-18</subfield>
    <subfield code="y">LBS1</subfield>
  </datafield>
  <datafield tag="999" ind1=" " ind2=" ">
    <subfield code="c">50711</subfield>
    <subfield code="d">50711</subfield>
  </datafield>
</record>
